Canto a su amor desaparecido
Spremljeno u:
| Glavni autor: | |
|---|---|
| Daljnji autori: | |
| Format: | Nepoznato |
| Jezik: | engleski |
| Izdano: |
Santiago, Chile.
Ediciones Universidad Diego Portales,
2019
|
| Izdanje: | 1a.edición |
| Teme: | |
| Online pristup: | Disponible Online |
| Oznake: |
Dodaj oznaku
Bez oznaka, Budi prvi tko označuje ovaj zapis!
|
MARC
| LEADER | 00000 a2200000 4500 | ||
|---|---|---|---|
| 003 | CL-VaPUC | ||
| 005 | 20240513112706.0 | ||
| 008 | 210722b2019 ||||| |||| 00| 0 eng d | ||
| 999 | |c 433358 |d 433356 | ||
| 020 | |a 9789563144505 | ||
| 040 | |c Pontificia Universidad Católica de Valparaíso | ||
| 082 | |a Ch861 ZUR 2019 | ||
| 100 | |a Zurita, Raúl |9 862153 | ||
| 245 | |a Canto a su amor desaparecido | ||
| 250 | |a 1a.edición | ||
| 260 | |a Santiago, Chile. |b Ediciones Universidad Diego Portales, |c 2019 | ||
| 300 | |a 53 páginas | ||
| 583 | |k Cristina Rojas |c 20210722 | ||
| 650 | 0 | |a Poesía chilena |9 268403 | |
| 650 | 0 | |a Poetas chilenos |9 326722 | |
| 700 | |a Moreno, María |e prólogo |9 862265 | ||
| 856 | |u https://bibliografiadigital.pucv.cl/index.php/bibliotecapucv/catalog/book/821 |y Disponible Online | ||
| 942 | |2 ddc |c BK | ||
| 952 | |0 0 |1 0 |2 ddc |4 0 |6 CH_861_000000000000000_ZUR_2019 |7 0 |8 A |9 578508 |a BIBART |b BIBART |d 2021-07-28 |e 135 |g 9000.00 |i 5586682 |l 3 |m 1 |o Ch861 ZUR 2019 |p 5586682 |r 2025-03-13 |s 2024-09-03 |t 1 |v 9000.00 |w 2021-07-28 |y BK |k ART | ||